=LDR 00000nam 2200000 4500 =001 INLIS000000000008979 =005 20130612100814 =008 ***********************************Ind** =035 ##$$0010-061300000008979 =041 ##$$a Ind =082 ##$$a 813.01 =090 ##$$a 813.01, Ros h =100 ##$$a Rosa,Helvy Tiana =245 ##$$a hingga bati bicara, Kumpulan cepen paksina =260 ##$$a 2001 $b Bandung =300 ##$$a vii,144 hlm, Ilua, 18cm =650 ##$$a Crita pendek-Kumpulan =850 ##$$a NBPNMAT